Country flags #4 - Statistics

General Stats
  • This quiz has been taken 17 times
  • The average score is 10 of 16
Answer Stats
Picture Answer % Correct
Canada
87%
Iceland
87%
Iran
87%
Eswatini
73%
Mongolia
73%
Uganda
73%
Lesotho
67%
Kyrgyzstan
60%
Vanuatu
60%
Yemen
60%
Zambia
60%
Gabon
53%
Malawi
47%
Djibouti
40%
Rwanda
40%
Naura
7%
No matching quizzes found
Score Distribution
Percent of People with Each Score
Percentile by Number Answered
Your Score History
You have not taken this quiz